000 00402nam a22001697a 4500
005 20160628142953.0
008 160628b xxu||||| |||| 00| 0 eng d
020 _a81-219-0403-X
041 _aeng
082 _b10592
100 _aPylee, M.V.
_9276
245 _aIndias Constitution
260 _aNew Delhi
_bSultan Chand & Sons,
_c2009
300 _a336
650 _aManagement
_9241
942 _cBK
999 _c4453
_d4452